| 000 | 00470nam a22001697a 4500 | ||
|---|---|---|---|
| 008 | 230502b |||||||| |||| 00| 0 eng d | ||
| 040 |
_aNational Science Library _cNational Science Library |
||
| 080 |
_aR 636/639(03) _bM9 |
||
| 100 | _aSomani, L L | ||
| 245 | _aDictionary of animal husbandry | ||
| 260 |
_aNew Delhi: _bMittal Publications, _c1989 |
||
| 300 | _a290-550p. | ||
| 500 | _aPart 2 | ||
| 650 | _aManagement | ||
| 653 | _aDictionary | ||
| 942 |
_2udc _cREF |
||
| 999 |
_c25728 _d25728 |
||